Corleone - Lacrim - Statistiques

Statistiques générales
  • Ce quiz a été pris 124 fois
  • Le résultat moyen est 8 sur 15
Statistiques - réponses
N° Track Titre % Correct
12 (ft. French Montana) A.W.A
94%
1 Corleone
90%
7 (ft. Lil Durk) On fait pas ça
83%
6 Barbade
80%
3 Oz
59%
2 Mon Glock te mettra à genoux
55%
15 Mon frère
52%
13 Pocket Coffee
51%
10 Bracelet
48%
14 J'suis qu'un thug
44%
5 Pronto
43%
4 Tout le monde veut des lovés
41%
11 (ft. Amel Bent) Le loup d'la street
35%
8 La rue
30%
9 Pour de vrai
26%
Aucun quiz correspondant
Distribution des résultats
% des personnes avec chaque résultat
Percentile par nombre de réponses
Votre historique - résultats
Vous n’avez pas pris ce quiz